00454 2200181 4500001002100000005001500021035002000036245003300056100001500089250001700104300003200121260003900153082001000192084001600202020002200218650001400240500001800254INLIS00000000000066820240831074207 a0010-08240001861 aBudi Daya Itik /cAhmad Said0 aAhmad Said aCetakan Ke-1 aiv, 68 hlm :bIlus ;c21 cm aJakarta :bAzka Mulia Media,c2007 a636.5 a636.5 AHM b a978-979-1211-58-1 4aBudi Daya aSeri Beternak